O integrácii a syntéze v literatúre

Bibliographic Details
Main Authors: Červeňák, Andrej, 1932-2012 (Author), Števček, Ján, 1929-1996 (Author)
Format: Article
Language:Slovak
Subjects:

MARC

LEADER 00000nab a2200000 a 4500
001 vtls000294257
003 SK-MaSNL
005 20260303185058.0
008 140423c1987 xo 0 slo
015 |a SNBRB19rr/mm-uuuuu 
035 |a CL0304376 
040 |a SNKBUCL  |b slo  |c SNKBUCL  |e AACR2 
041 0 |a slo 
044 |a xo  |c SK 
080 |a 82.01  |2 1981 
080 |a 82.091  |2 1981 
080 |a 7.01  |2 1981 
100 1 |a Červeňák, Andrej,  |d 1932-2012  |4 aut  |9 153402 
245 1 0 |a O integrácii a syntéze v literatúre  |c Andrej Červeňák, Ján Števček 
500 |a V rubrike Hľadanie syntézy. 
650 0 7 |a umelecká literatúra  |2 snkbucl  |9 1488 
650 0 7 |a kultúra umelecká  |2 snkbucl  |9 926974 
655 7 |a články z novín a časopisov  |2 snkbucl  |9 267496 
655 7 |a články z odboru literárna veda a krásna literatúra  |2 snkbucl  |9 770045 
700 1 |a Števček, Ján,  |d 1929-1996  |4 aut  |9 105256 
773 0 |t Revue svetovej literatúry  |g Roč. 23, č. 6 (1987), s. 169-176 
850 |a Slovenská národná knižnica v Martine  |a MTA001 
852 |a SNK  |b KIS3GCP 
958 |a RK 
958 |a LX 
999 |c 2129621  |d 2131551